00543 a2200169 4500041000800000082002000008100002000028245003100048260004500079300001300124504002900137650006000166653000800226942001300234999001700247952010900264 aEng a345.0019bB285p aBartol, Curt R. aPsychology & American Law. aCalifornia:bWadsworth publishing,c1983 ax, 373p. aBibliography: p. 332-357 aCriminal LawaPsychology, forensicaCriminal psychology aLaw 2ddccGEN c67416d67402 00102ddc4070aTUCLbTUCLd2013-07-21l0o345.0019 B285ppG42092r2013-07-21 00:00:00w2013-07-21yGEN